[Event "Mondiale Lampo FIDE 2017"]
[Site "Riyadh"]
[Date "30.12.2017"]
[Round "16.31"]
[White "Jumabayev, Rinat"]
[Black "Amin, Bassem"]
[Result "0-1"]
[WhiteTitle "GM"]
[BlackTitle "GM"]
[WhiteElo "2612"]
[BlackElo "2689"]
[WhiteFideId "13702661"]
[BlackFideId "10601457"]
[EventDate "2017.12.29"]

1. d4 Nf6 2. Bf4 g6 3. Nc3 d6 4. e4 Bg7 5. Qd2 c6 6. Nf3 b5 7. a3 Nbd7 8. Bh6
Bxh6 9. Qxh6 Qa5 10. b4 Qc7 11. Bd3 e5 12. h3 a5 13. O-O Bb7 14. Rfe1 Qb6 15.
dxe5 dxe5 16. Rad1 axb4 17. axb4 Qd8 18. Ng5 Qe7 19. Nxb5 cxb5 20. Bxb5 O-O-O
21. Rd3 Nb6 22. Rc3+ Kb8 23. Rc5 Nfd7 24. Bxd7 Nxd7 25. Rb5 Rc8 26. Nf3 Rc4 27.
Qe3 Rxb4 28. Ra5 Rc8 29. Qa7+ Kc7 30. Qe3 Rxe4 31. Qc3+ Kd8 32. Qd2 Rxe1+ 33.
Nxe1 Qe6 34. Nd3 Qc6 35. Qg5+ f6 36. Qg4 Qxc2 37. Ra3 Qb1+ 38. Kh2 Qb6 39. Qh4
h5 40. Qg3 Qd6 41. Rb3 Be4 42. Nb4 Rb8 43. Qc3 Ke8 44. Rb2 Qd4 45. Qa3 Nc5 46.
Ra2 Qxb4 47. Qa7 Qb6 48. Qg7 Ne6 49. Qxf6 Nf8 50. Qxe5+ Kf7 51. Qxe4 Qd6+ 52. f4
Ne6 53. Ra7+ Kf6 54. Ra5 Qxf4+ 55. Qxf4+ Nxf4 56. Kg3 Ne6 57. Ra3 Rb4 58. Kf2
Kf5 59. Ra5+ Ke4 60. Ra6 Ke5 61. Ra5+ Ke4 62. Ra6 Nf4 63. Ra2 h4 64. Rc2 Rb2 0-1

[Event "Mondiale Lampo FIDE 2017"]
[Site "Riyadh"]
[Date "30.12.2017"]
[Round "16.32"]
[White "Cheparinov, Ivan"]
[Black "Howell, David W L"]
[Result "1/2-1/2"]
[WhiteTitle "GM"]
[BlackTitle "GM"]
[WhiteElo "2710"]
[BlackElo "2676"]
[WhiteFideId "2905540"]
[BlackFideId "410608"]
[EventDate "2017.12.29"]

1. Nf3 Nf6 2. g3 g6 3. b3 Bg7 4. Bb2 O-O 5. Bg2 c5 6. c4 d6 7. O-O e5 8. Nc3 Nc6
9. e3 Bf5 10. Qe2 Re8 11. d3 Qd7 12. Rad1 h6 13. Rfe1 Bh3 14. Bh1 a6 15. Nd2 b5
16. Nde4 Nxe4 17. Bxe4 Rab8 18. Nd5 Ne7 19. Rc1 Nxd5 20. Bxd5 Bg4 21. Qf1 Bh3
22. Qe2 Bg4 23. Qd2 Be6 24. Bg2 Rb6 25. h4 h5 26. Qe2 a5 27. Bd5 a4 28. Rc2 Reb8
29. Bc3 Ra6 30. Qf3 Bxd5 31. Qxd5 Qb7 32. Qxb7 Rxb7 33. Rb1 Kf8 34. Kf1 Ke7 35.
Ke2 Ke6 36. e4 Bh6 37. Be1 bxc4 38. dxc4 axb3 39. axb3 Rab6 40. Rc3 f5 41. f3
Ra6 42. Rc2 Rba7 43. Kd3 Ra1 44. Rxa1 Rxa1 45. Bf2 Rd1+ 46. Ke2 Rb1 47. Rc3 Rb2+
48. Kf1 Bd2 49. Rd3 Bh6 50. Be1 Bf8 51. Bd2 Be7 52. Be3 Bd8 53. Bd2 Ra2 54. Be3
Ba5 55. Bh6 Ra1+ 56. Kg2 Ra2+ 57. Kf1 Bd8 58. Bd2 Be7 59. Be3 Ra1+ 60. Ke2 Rb1
61. Bd2 Bd8 62. Bh6 Ba5 63. Bf8 Bc7 64. Bh6 Rb2+ 65. Kf1 Ra2 66. Bd2 Bd8 67. Be3
Rb2 68. Bd2 Bf6 69. Be3 Rb1+ 70. Ke2 Ra1 71. Bd2 Rg1 72. Kf2 Rb1 73. Be3 Be7 1/2-1/2

[Event "Mondiale Lampo FIDE 2017"]
[Site "Riyadh"]
[Date "30.12.2017"]
[Round "16.33"]
[White "Kasimdzhanov, Rustam"]
[Black "Zhigalko, Sergei"]
[Result "0-1"]
[WhiteTitle "GM"]
[BlackTitle "GM"]
[WhiteElo "2683"]
[BlackElo "2641"]
[WhiteFideId "14200244"]
[BlackFideId "13502956"]
[EventDate "2017.12.29"]

1. e4 c5 2. Nf3 Nc6 3. Bb5 Nf6 4. Nc3 Qc7 5. O-O Nd4 6. Re1 a6 7. Bf1 Ng4 8. g3
Nxf3+ 9. Qxf3 Ne5 10. Qe2 e6 11. Bg2 d6 12. d3 Be7 13. f4 Nc6 14. Be3 O-O 15.
Qf2 Rb8 16. g4 b5 17. Ne2 b4 18. Ng3 Bh4 19. g5 f6 20. Qe2 fxg5 21. fxg5 Nd4 22.
Bxd4 cxd4 23. Qg4 Bxg3 24. Qxg3 e5 25. Re2 Be6 26. Bh3 Qd7 27. Bxe6+ Qxe6 28. b3
Rf4 29. h3 Rbf8 30. Kh2 Rf3 31. Qg2 R8f4 32. Rg1 Qg6 33. Rd2 Qh5 34. g6 hxg6 0-1

[Event "Mondiale Lampo FIDE 2017"]
[Site "Riyadh"]
[Date "30.12.2017"]
[Round "16.34"]
[White "Ponomariov, Ruslan"]
[Black "Alekseev, Evgeny"]
[Result "1-0"]
[WhiteTitle "GM"]
[BlackTitle "GM"]
[WhiteElo "2694"]
[BlackElo "2616"]
[WhiteFideId "14103320"]
[BlackFideId "4138147"]
[EventDate "2017.12.29"]

1. e4 c5 2. Nf3 Nc6 3. d4 cxd4 4. Nxd4 e6 5. Nc3 a6 6. Be2 d6 7. Be3 Nf6 8. f4
Be7 9. Qd2 O-O 10. O-O-O Qc7 11. g4 b5 12. g5 Nxd4 13. Qxd4 Nd7 14. Kb1 Rb8 15.
a3 Qa5 16. Bd2 Qb6 17. Qxb6 Nxb6 18. Rhf1 Bd7 19. f5 Rfc8 20. f6 Bf8 21. Bf4 Rc6
22. Rd2 Rbc8 23. Rfd1 e5 24. Bg3 Be6 25. Nd5 Bxd5 26. exd5 R6c7 27. b3 Nd7 28.
Rf1 Rc3 29. Kb2 R3c7 30. Bg4 Re8 31. Bxd7 Rxd7 32. Rf3 h6 33. h4 Kh7 34. Bf2
hxg5 35. hxg5 Kg6 36. Be3 e4 37. Rh3 Rdd8 38. Rf2 Re5 39. c4 bxc4 40. bxc4 Rc8
41. Kb3 Rf5 42. Rhh2 gxf6 43. gxf6 Rxf2 44. Rxf2 Re8 45. Kc3 Rb8 46. Kd4 Rb3 47.
a4 Ra3 48. Kxe4 Rxa4 49. Rg2+ Kh5 50. Kf5 Rxc4 51. Bg5 1-0

[Event "Mondiale Lampo FIDE 2017"]
[Site "Riyadh"]
[Date "30.12.2017"]
[Round "16.35"]
[White "Almasi, Zoltan"]
[Black "Adhiban, Baskaran"]
[Result "0-1"]
[WhiteTitle "GM"]
[BlackTitle "GM"]
[WhiteElo "2682"]
[BlackElo "2655"]
[WhiteFideId "702293"]
[BlackFideId "5018471"]
[EventDate "2017.12.29"]

1. Nf3 d6 2. c4 e5 3. Nc3 f5 4. d3 Nf6 5. g3 Be7 6. Bg2 O-O 7. O-O a5 8. Rb1 c6
9. a3 Na6 10. b4 axb4 11. axb4 Nc7 12. Bd2 Kh8 13. b5 c5 14. Ra1 Rb8 15. Ra7 Qe8
16. b6 Ne6 17. Ng5 Nd4 18. e3 Nc6 19. Ra3 h6 20. Nf3 e4 21. Ne1 Ne5 22. dxe4
fxe4 23. Nxe4 Nxc4 24. Rc3 Nxb6 25. Rc1 Nxe4 26. Bxe4 d5 27. Bb1 Bf5 28. Ng2
Bxb1 29. Rxb1 Nc4 30. Bc3 Qc6 31. Nf4 Rfd8 32. Qh5 Bf6 33. Bxf6 Qxf6 34. Nxd5
Qe5 35. Qxe5 Nxe5 36. Nb6 Nf3+ 37. Kg2 Nd2 38. Rbc1 Nxf1 39. Kxf1 Rd2 40. Nc4
Ra2 41. Ne5 Rc8 0-1

[Event "Mondiale Lampo FIDE 2017"]
[Site "Riyadh"]
[Date "30.12.2017"]
[Round "16.36"]
[White "Demchenko, Anton"]
[Black "Zhao, Jun"]
[Result "1-0"]
[WhiteTitle "GM"]
[BlackTitle "GM"]
[WhiteElo "2660"]
[BlackElo "2604"]
[WhiteFideId "4160258"]
[BlackFideId "8602522"]
[EventDate "2017.12.29"]

1. e4 e6 2. d4 d5 3. Nd2 dxe4 4. Nxe4 Bd7 5. Nf3 Bc6 6. Bd3 Nd7 7. O-O Ngf6 8.
Ng3 Be7 9. Re1 O-O 10. c3 Bd5 11. c4 Bxf3 12. Qxf3 c6 13. Bd2 Re8 14. Bc3 Bf8
15. Rad1 Qc7 16. Bc2 Rad8 17. Re2 a6 18. a4 a5 19. b3 Bb4 20. Bb2 Bf8 21. Ne4
Nxe4 22. Qxe4 Nf6 23. Qh4 Be7 24. d5 cxd5 25. Bxf6 Bxf6 26. Qxh7+ Kf8 27. cxd5
Qf4 28. g3 Qh6 29. Qxh6 gxh6 30. dxe6 Rxd1+ 31. Bxd1 Rxe6 32. Rd2 b6 33. Be2 Be7
34. Bc4 Rd6 35. Re2 Bf6 36. Kg2 Bd4 37. Re4 Bc5 38. Rf4 Rd7 39. h4 Kg7 40. Kh3
Ba3 41. Rf5 Bb2 42. g4 Bf6 43. g5 hxg5 44. hxg5 Bb2 45. f4 f6 46. Kg4 Bc3 47.
Rb5 Bd4 48. gxf6+ Kxf6 49. Rh5 Rg7+ 50. Kf3 Bc5 51. Rh6+ Rg6 52. Rh7 Rg7 53. Rh8
Rg1 54. Rh6+ Rg6 55. Rh5 Rg7 56. Bd3 Rd7 57. Bb5 Re7 58. Bc4 Re8 59. Rh6+ Kg7
60. Rc6 Re1 61. Kg4 Kf8 62. Kf5 Ke7 63. Rc7+ Kd6 64. Rc8 Kd7 65. Rh8 Rg1 66.
Rh7+ Kd6 67. Rh6+ Ke7 68. Ke4 Re1+ 69. Kf5 Rg1 70. Re6+ Kd7 71. Bb5+ Kd8 72. Kf6
Bd4+ 73. Kf5 Bc5 74. Re4 Kc7 75. Ke5 Bd6+ 76. Ke6 Rg6+ 77. Kf5 Rg8 78. Bc4 Rf8+
79. Kg5 Rh8 80. f5 Rh2 81. f6 Rf2 82. f7 Bc5 83. Kg6 Rg2+ 84. Kf6 Rf2+ 85. Ke6
Rf3 86. Rg4 Re3+ 87. Kf5 Rf3+ 88. Ke4 Rf6 89. Rg8 Kd7 90. Ke5 Rf2 91. Be6+ Kc7
92. Rc8+ Kb7 93. Rd8 Kc7 94. Rd7+ Kb8 95. Bf5 Rf1 96. f8=Q+ Bxf8 97. Rd8+ Kc7
98. Rxf8 Rf3 99. Rf7+ Kd8 100. Be6 1-0

[Event "Mondiale Lampo FIDE 2017"]
[Site "Riyadh"]
[Date "30.12.2017"]
[Round "16.37"]
[White "Kovalev, Vladislav"]
[Black "Christiansen, Johan-Sebastian"]
[Result "1-0"]
[WhiteTitle "GM"]
[BlackTitle "IM"]
[WhiteElo "2639"]
[BlackElo "2495"]
[WhiteFideId "13504398"]
[BlackFideId "1512668"]
[EventDate "2017.12.29"]

1. e4 e6 2. d4 d5 3. Nd2 Be7 4. e5 c5 5. c3 Nc6 6. Bd3 cxd4 7. cxd4 Qb6 8. Ndf3
Bd7 9. Ne2 Nb4 10. Bb1 Bb5 11. O-O Qa6 12. Re1 Nd3 13. Bxd3 Bxd3 14. Nf4 Bb5 15.
h4 Bd8 16. Bd2 Ne7 17. Bb4 Nf5 18. a4 Bd7 19. b3 h5 20. Rc1 g6 21. g3 Be7 22.
Bxe7 Kxe7 23. Qd2 Qb6 24. Nd3 Rhc8 25. Nc5 Be8 26. b4 a6 27. Qg5+ Kf8 28. Qf6
Kg8 29. Rb1 Qc6 30. Rec1 b6 31. Nd3 Qxa4 32. Nf4 Qa3 33. Rxc8 Rxc8 34. Ng5 Rc1+
35. Rxc1 Qxc1+ 36. Kg2 Qe1 37. Qd8 Kf8 38. Nfxe6+ fxe6 39. Nxe6+ Kf7 40. Ng5+
Kf8 41. Ne6+ Kf7 42. Ng5+ Kf8 43. Ne6+ Kf7 44. Ng5+ Kf8 45. Qf6+ Kg8 46. Qe6+
Kf8 47. Qf6+ Kg8 48. Qe6+ Kf8 49. Qf6+ Kg8 50. Qe6+ Kf8 51. Qf6+ Kg8 52. Qe6+
Kf8 53. Qf6+ Kg8 54. Qe6+ Kf8 55. Qf6+ Kg8 56. Qe6+ Kf8 57. Qf6+ Kg8 58. Qd8 Kf8
59. Qf6+ Kg8 60. Qd8 Kf8 61. Ne6+ Kf7 62. Qf6+ Kg8 63. Qf8+ Kh7 64. Ng5# 1-0

[Event "Mondiale Lampo FIDE 2017"]
[Site "Riyadh"]
[Date "30.12.2017"]
[Round "16.38"]
[White "Bosiocic, Marin"]
[Black "Georgiev, Kiril"]
[Result "1-0"]
[WhiteTitle "GM"]
[BlackTitle "GM"]
[WhiteElo "2624"]
[BlackElo "2623"]
[WhiteFideId "14507927"]
[BlackFideId "2900017"]
[EventDate "2017.12.29"]

1. d4 Nf6 2. Bg5 e6 3. e4 h6 4. Bxf6 Qxf6 5. c3 c5 6. Nf3 cxd4 7. cxd4 Bb4+ 8.
Nc3 O-O 9. Bd3 d6 10. O-O Nc6 11. Qe2 Nxd4 12. Nxd4 Qxd4 13. Nb5 Qe5 14. Rac1 a6
15. f4 Qf6 16. e5 dxe5 17. fxe5 Qg5 18. Qe4 g6 19. h4 Qd8 20. Nc7 Bd2 21. Rc2
Rb8 22. h5 Qg5 23. Rf3 Ba5 24. hxg6 Bb6+ 25. Kh2 fxg6 26. Rxf8+ Kxf8 27. Qb4+
Kg7 28. Qxb6 Qxe5+ 29. Kg1 Bd7 30. Re2 Qf4 31. Nxe6+ Bxe6 32. Qxe6 Qd4+ 33. Qe3
Rd8 34. Qxd4+ Rxd4 35. Re3 g5 36. Kf2 h5 37. Ke2 Kf6 38. Rf3+ Ke6 39. Re3+ Kd6
40. Re4 Rd5 41. Ke3 Ra5 42. a3 Rc5 43. Re8 a5 44. Rf8 Re5+ 45. Kd2 Rc5 46. Rf5
Rxf5 47. Bxf5 Ke5 48. Bg6 h4 49. Ke3 g4 50. Be4 b6 51. Bb7 h3 52. gxh3 gxh3 53.
a4 Kd6 54. Kf3 Kc5 55. Ba6 Kb4 56. Bb5 Kb3 57. Kg3 Kxb2 58. Kxh3 Kc3 59. Kg4 Kd4
60. Kf5 Kd5 61. Kf6 Kd6 62. Be8 Kc7 63. Ke7 Kb7 64. Kd6 Ka7 65. Kc7 Ka6 66. Bb5+
Ka7 67. Kc6 1-0

[Event "Mondiale Lampo FIDE 2017"]
[Site "Riyadh"]
[Date "30.12.2017"]
[Round "16.39"]
[White "Rakhmanov, Aleksandr"]
[Black "Volokitin, Andrei"]
[Result "1-0"]
[WhiteTitle "GM"]
[BlackTitle "GM"]
[WhiteElo "2653"]
[BlackElo "2628"]
[WhiteFideId "4173708"]
[BlackFideId "14107090"]
[EventDate "2017.12.29"]

1. c4 g6 2. Nc3 c5 3. g3 Bg7 4. Bg2 Nc6 5. d3 e6 6. e4 Nge7 7. Nge2 O-O 8. O-O
d6 9. h3 a6 10. Kh2 Rb8 11. a4 b6 12. f4 Bb7 13. Rb1 Qd7 14. b3 f5 15. Be3 Nd4
16. Bg1 Nec6 17. Nxd4 Nxd4 18. Ne2 Nc6 19. exf5 gxf5 20. d4 Nb4 21. Qd2 Bxg2 22.
Kxg2 Qc6+ 23. Kh2 Kh8 24. Rbd1 Rbd8 25. Qe3 Rfe8 26. Qf3 d5 27. cxd5 exd5 28.
dxc5 bxc5 29. g4 d4 30. Qxc6 Nxc6 31. Ng3 fxg4 32. hxg4 Rb8 33. Rc1 Na5 34. Rxc5
Nxb3 35. Rc7 d3 36. Rd1 d2 37. Bf2 Bd4 38. Rxd2 Be5 39. fxe5 Nxd2 40. Kg2 Rbc8
41. Ra7 Rc2 42. e6 Nc4 43. Nf5 h5 44. Kg3 Rxf2 45. Kxf2 hxg4 46. e7 Kh7 47. Rxa6
Ne5 48. Kg3 Ng6 49. Re6 Nh8 50. Kxg4 Ng6 1-0

[Event "Mondiale Lampo FIDE 2017"]
[Site "Riyadh"]
[Date "30.12.2017"]
[Round "16.40"]
[White "Dobrov, Vladimir"]
[Black "Kuzubov, Yuriy"]
[Result "1-0"]
[WhiteTitle "GM"]
[BlackTitle "GM"]
[WhiteElo "2515"]
[BlackElo "2699"]
[WhiteFideId "4136594"]
[BlackFideId "14112906"]
[EventDate "2017.12.29"]

1. Nf3 d5 2. e3 g6 3. c4 c6 4. d4 Bg7 5. Nc3 Nf6 6. h3 O-O 7. Bd3 Nbd7 8. O-O
dxc4 9. Bxc4 c5 10. a3 a6 11. Ba2 b5 12. e4 cxd4 13. Nxd4 Bb7 14. Qe2 Nxe4 15.
Nxe4 Bxd4 16. Rd1 e5 17. Bh6 Bxe4 18. Qxe4 Re8 19. Qd5 Qe7 20. Rac1 Nf6 21. Qf3
e4 22. Qb3 e3 23. Rxd4 e2 24. Re1 Rad8 25. Rxd8 Rxd8 26. Rxe2 1-0

[Event "Mondiale Lampo FIDE 2017"]
[Site "Riyadh"]
[Date "30.12.2017"]
[Round "16.41"]
[White "Movsesian, Sergei"]
[Black "Potkin, Vladimir"]
[Result "0-1"]
[WhiteTitle "GM"]
[BlackTitle "GM"]
[WhiteElo "2647"]
[BlackElo "2574"]
[WhiteFideId "310204"]
[BlackFideId "4131061"]
[EventDate "2017.12.29"]

1. e4 c5 2. Nf3 d6 3. d4 cxd4 4. Nxd4 Nf6 5. Nc3 a6 6. a4 e6 7. Be2 Be7 8. O-O
O-O 9. f4 Nc6 10. Be3 Qc7 11. Kh1 Nxd4 12. Qxd4 Bd7 13. a5 Bc6 14. Bf3 Rac8 15.
Qd3 Nd7 16. Rfd1 Rfe8 17. Qd2 h6 18. Ne2 Nf6 19. Bb6 Qb8 20. Nc3 Nd7 21. Bf2 Qc7
22. h3 Nc5 23. Qe2 Nd7 24. Rd2 Bf6 25. Ra3 Be7 26. Ra1 Bf6 27. Ra3 Be7 28. Bd4
e5 29. Be3 exf4 30. Bxf4 Ne5 31. Ra1 Bg5 32. Bxg5 hxg5 33. Rad1 Qxa5 34. Rxd6
Qb4 35. R6d2 Qxb2 36. Nd5 Bxd5 37. Rxd5 Rxc2 38. Qe3 Rc3 39. Qxg5 Nxf3 40. gxf3
Rxf3 41. Qg4 Qe2 42. Rg1 g6 43. Rf5 Rf2 44. Qxe2 Rxe2 0-1

[Event "Mondiale Lampo FIDE 2017"]
[Site "Riyadh"]
[Date "30.12.2017"]
[Round "16.42"]
[White "Eljanov, Pavel"]
[Black "Ibrahimov, Rasul"]
[Result "1-0"]
[WhiteTitle "GM"]
[BlackTitle "GM"]
[WhiteElo "2711"]
[BlackElo "2518"]
[WhiteFideId "14102951"]
[BlackFideId "13400495"]
[EventDate "2017.12.29"]

1. c4 c5 2. g3 g6 3. Bg2 Bg7 4. Nc3 Nc6 5. e4 e6 6. Nge2 Nge7 7. O-O O-O 8. Rb1
d6 9. a3 b6 10. b4 Bb7 11. d3 Qd7 12. Be3 Nd4 13. Qd2 Nxe2+ 14. Nxe2 Rad8 15.
Bh6 e5 16. b5 f5 17. Bxg7 Kxg7 18. f4 Ng8 19. a4 Rde8 20. Nc3 Nf6 21. Rbe1 exf4
22. Rxf4 fxe4 23. dxe4 Qe7 24. Rd1 Qe5 25. a5 Rf7 26. axb6 axb6 27. Na4 g5 28.
Rf5 Qd4+ 29. Qxd4 cxd4 30. Rxd4 Bxe4 31. Bxe4 Nxe4 32. Rxf7+ Kxf7 33. Nxb6 Kf6
34. Nd5+ Kf5 35. g4+ Kg6 36. b6 Nc5 37. Nc7 Rd8 38. Nb5 Nb7 39. Kf2 Kf6 40. Ke3
Ke6 41. Rd5 h6 42. Nd4+ Kd7 43. Nf5 Kc6 44. Kf3 Rf8 45. Kg3 Rf6 46. Rb5 Re6 47.
Nd4+ 1-0

[Event "Mondiale Lampo FIDE 2017"]
[Site "Riyadh"]
[Date "30.12.2017"]
[Round "16.43"]
[White "Meier, Georg"]
[Black "Tregubov, Pavel V."]
[Result "1-0"]
[WhiteTitle "GM"]
[BlackTitle "GM"]
[WhiteElo "2650"]
[BlackElo "2575"]
[WhiteFideId "4675789"]
[BlackFideId "4115341"]
[EventDate "2017.12.29"]

1. Nf3 Nf6 2. g3 d5 3. Bg2 Bf5 4. O-O e6 5. c4 c6 6. cxd5 exd5 7. d3 Na6 8. a3
Be7 9. Nbd2 O-O 10. b4 Nc7 11. Nb3 Re8 12. Bb2 h6 13. Qc2 Bd6 14. Rac1 Bh7 15.
Rfe1 Qe7 16. Nc5 Rab8 17. Bh3 Ne6 18. Nxe6 fxe6 19. e4 dxe4 20. dxe4 Bc7 21. Ne5
Rbd8 22. f3 Nd7 23. Nd3 Kh8 24. Kg2 Rf8 25. Rcd1 e5 26. b5 Ba5 27. bxc6 bxc6 28.
Rf1 c5 29. Bxd7 Rxd7 30. Nxe5 Rxd1 31. Rxd1 Bb6 32. Qc4 Qf6 33. Rd7 Bg8 34. Qc3
c4 35. h4 Be6 36. Rd2 Bc7 37. f4 Bxe5 38. Qxe5 Qxe5 39. Bxe5 Rc8 40. f5 Bf7 41.
Rd7 Kg8 42. Bc3 Rb8 43. e5 Rb3 44. e6 Rxc3 45. Rd8+ Be8 46. Rxe8+ Kh7 47. Rc8
Re3 48. Kf2 Re5 49. g4 h5 50. Kf3 hxg4+ 51. Kxg4 g6 52. Kf4 Rxf5+ 53. Ke4 Rf1
54. Kd5 Rd1+ 55. Ke5 Kg7 56. Rc7+ Kf8 57. Rxc4 Ke8 58. Ra4 Rh1 59. Kf6 Rf1+ 60.
Kxg6 Ke7 61. Ra6 Rg1+ 62. Kf5 Rf1+ 63. Ke5 Re1+ 64. Kd5 Rd1+ 65. Kc6 Kxe6 66.
Kb7+ Kd7 67. Kxa7 Rh1 68. Ra4 Rh3 69. Rd4+ Kc6 70. a4 Rh1 71. a5 Kc7 72. a6 Rh2
73. Rc4+ Kd7 74. Kb6 Rb2+ 75. Ka5 Ra2+ 76. Ra4 1-0

[Event "Mondiale Lampo FIDE 2017"]
[Site "Riyadh"]
[Date "30.12.2017"]
[Round "16.44"]
[White "Sethuraman, S.P."]
[Black "Anton Guijarro, David"]
[Result "0-1"]
[WhiteTitle "GM"]
[BlackTitle "GM"]
[WhiteElo "2646"]
[BlackElo "2666"]
[WhiteFideId "5021596"]
[BlackFideId "2285525"]
[EventDate "2017.12.29"]

1. e4 e5 2. Nf3 Nc6 3. Bc4 Bc5 4. d3 Nf6 5. c3 d6 6. a4 a5 7. Bg5 h6 8. Bh4 Be6
9. Nbd2 O-O 10. h3 g5 11. Bg3 Nh5 12. Bh2 Qf6 13. Qe2 Nf4 14. Bxf4 Qxf4 15. g3
Qf6 16. h4 g4 17. Nh2 h5 18. f3 gxf3 19. Nhxf3 Bxc4 20. Nxc4 Qh6 21. Kd1 f6 22.
Kc2 Kh8 23. g4 hxg4 24. Ng5 Qh5 25. Ne6 Rf7 26. Nxc5 dxc5 27. Ne3 Rg8 28. Rhg1
Rfg7 29. Raf1 Rg6 30. Rf5 Qxh4 31. Rff1 Qh7 32. Nf5 Rg5 33. Rh1 Rh5 34. Ng3 Rh3
35. Qf2 Rg6 36. Qxc5 Kg8 37. Qd5+ Qf7 38. Nf5 Kf8 39. Qc5+ Ke8 40. Qb5 Qd7 41.
Rd1 Ne7 42. Nxe7 Qxb5 43. axb5 Kxe7 44. Rhg1 Rh2+ 45. Kb3 g3 46. d4 Rf2 47. dxe5
fxe5 48. Rd5 Ke6 49. Rd8 g2 50. Rdd1 Rg4 51. Rde1 Kd6 52. Ka3 Kc5 53. Rd1 Rxe4
54. Rd7 Rg4 55. Rxc7+ Kb6 56. Re7 Rf1 57. Re6+ Kc7 58. b6+ Kd7 59. Rxg2 Ra1+ 60.
Kb3 a4+ 61. Kc2 Rxg2+ 0-1

[Event "Mondiale Lampo FIDE 2017"]
[Site "Riyadh"]
[Date "30.12.2017"]
[Round "16.45"]
[White "Moiseenko, Alexander"]
[Black "Dzhumagaliev, Yan"]
[Result "1-0"]
[WhiteTitle "GM"]
[BlackTitle "FM"]
[WhiteElo "2667"]
[BlackElo "2400"]
[WhiteFideId "14102560"]
[BlackFideId "24100110"]
[EventDate "2017.12.29"]

1. d4 Nf6 2. Bg5 d5 3. e3 c5 4. Bxf6 gxf6 5. dxc5 e6 6. c4 dxc4 7. Nd2 c3 8.
bxc3 Bxc5 9. Ngf3 Nc6 10. Be2 Qc7 11. O-O Be7 12. Nd4 a6 13. f4 Bd7 14. Bf3 Rc8
15. Kh1 Na5 16. c4 Rd8 17. Qc2 h5 18. Rac1 h4 19. h3 Rg8 20. c5 f5 21. N2b3 Nc6
22. Nxc6 Bxc6 23. Nd4 Bxf3 24. Nxf3 Kf8 25. Qc3 Rd5 26. Qb2 Rxc5 27. Ne5 b6 28.
Rfd1 Ke8 29. Rxc5 Qxc5 30. Qe2 Bd6 31. Qf3 Ke7 32. Qb7+ Bc7 33. Rd7+ 1-0

[Event "Mondiale Lampo FIDE 2017"]
[Site "Riyadh"]
[Date "30.12.2017"]
[Round "16.46"]
[White "Fedorchuk, Sergey A."]
[Black "Ni, Hua"]
[Result "1-0"]
[WhiteTitle "GM"]
[BlackTitle "GM"]
[WhiteElo "2648"]
[BlackElo "2671"]
[WhiteFideId "14102536"]
[BlackFideId "8601160"]
[EventDate "2017.12.29"]

1. e4 e5 2. Nf3 Nf6 3. Nxe5 d6 4. Nf3 Nxe4 5. Nc3 Nf6 6. d4 Be7 7. Bd3 O-O 8.
O-O Nc6 9. a3 Bg4 10. h3 Bh5 11. g4 Bg6 12. Bxg6 hxg6 13. d5 Ne5 14. Nd4 Re8 15.
f4 Nc4 16. Qd3 Nb6 17. f5 gxf5 18. Nxf5 c6 19. Bg5 Nbxd5 20. Nxe7+ Qxe7 21. Nxd5
cxd5 22. Bxf6 gxf6 23. Rf2 Qe5 24. c3 Re6 25. Raf1 Rae8 26. Rf5 Qe2 27. Qxe2
Rxe2 28. R1f2 R8e5 29. Rxf6 R2e3 30. Kg2 Re7 31. Rxd6 Rd3 32. Rdf6 Kg7 33. R6f3
Rd1 34. Rf5 Rd3 35. Rg5+ Kf8 36. Rh5 Ke8 37. Rh8+ Kd7 38. Rf8 Ke6 39. h4 Re3 40.
h5 Re4 41. Kg3 Re3+ 42. Kh4 Re1 43. Kg5 Re5+ 44. Rf5 Re2 45. Rf6+ Ke5 46. R8xf7
Re8 47. Rf8 Re7 48. R6f7 Re6 49. h6 Rh2 50. Rf6 Re7 51. R8f7 Re8 52. Rf5+ Ke4
53. h7 Rh8 54. Kg6 Rxb2 55. Rf8 1-0

[Event "Mondiale Lampo FIDE 2017"]
[Site "Riyadh"]
[Date "30.12.2017"]
[Round "16.47"]
[White "McShane, Luke J"]
[Black "Salgado Lopez, Ivan"]
[Result "1-0"]
[WhiteTitle "GM"]
[BlackTitle "GM"]
[WhiteElo "2640"]
[BlackElo "2644"]
[WhiteFideId "404853"]
[BlackFideId "2257327"]
[EventDate "2017.12.29"]

1. b3 b6 2. Bb2 Bb7 3. c4 Nf6 4. Bxf6 exf6 5. Nc3 f5 6. e3 g6 7. Nf3 Bg7 8. Rc1
O-O 9. g3 Nc6 10. Bg2 Ne7 11. O-O a6 12. d4 Rb8 13. b4 d5 14. cxd5 Nxd5 15. a3
Rc8 16. Nxd5 Bxd5 17. Qa4 Bb7 18. Rfd1 Re8 19. Ne1 c6 20. Nd3 Qd6 21. Qb3 h5 22.
h4 Bf6 23. Nf4 Kg7 24. Rc2 Rc7 25. Rdc1 Rec8 26. Rc4 Bd8 27. Qb2 Qf6 28. Qb1 Qd6
29. R1c2 Qf6 30. Qc1 Qd6 31. Bf3 Qd7 32. Bg2 Qd6 33. a4 b5 34. axb5 axb5 35. Rc5
Qd7 36. Nd3 Be7 37. R5c3 Bd6 38. Nc5 Bxc5 39. Rxc5 1-0

[Event "Mondiale Lampo FIDE 2017"]
[Site "Riyadh"]
[Date "30.12.2017"]
[Round "16.48"]
[White "Riazantsev, Alexander"]
[Black "Ganguly, Surya Shekhar"]
[Result "1/2-1/2"]
[WhiteTitle "GM"]
[BlackTitle "GM"]
[WhiteElo "2650"]
[BlackElo "2650"]
[WhiteFideId "4125029"]
[BlackFideId "5002150"]
[EventDate "2017.12.29"]

1. d4 Nf6 2. c4 e6 3. Nf3 d5 4. Nc3 c6 5. e3 Nbd7 6. a4 a5 7. Bd3 Bd6 8. O-O O-O
9. b3 b6 10. Bb2 Bb7 11. Qe2 Bb4 12. cxd5 exd5 13. Ne5 c5 14. f4 Ne4 15. Nxe4
dxe4 16. Bc4 Nf6 17. Rad1 Qe7 18. Ng4 Nxg4 19. Qxg4 Kh8 20. dxc5 f5 21. Qxg7+
Qxg7 22. Bxg7+ Kxg7 23. Rd7+ Kg6 24. Rxb7 Bxc5 25. Kf2 Rad8 26. Ke2 h5 27. h3
Rd6 28. g4 hxg4 29. hxg4 fxg4 30. Rg1 Rxf4 31. Rg2 Rf5 32. Rxg4+ Rg5 33. Rxe4
Rf6 34. Rd7 Rg2+ 35. Kd3 Rg1 36. Kc2 Rf2+ 37. Rd2 Rxd2+ 38. Kxd2 Kf6 39. Re6+
Kf5 40. e4+ Kf4 41. Bd5 Rg3 42. Kc2 Re3 43. Re8 Rg3 44. Kd2 Bb4+ 45. Ke2 Re3+
46. Kf2 Bc5 47. Kg2 Rg3+ 48. Kh2 Rg5 49. Kh3 Rh5+ 50. Kg2 Rg5+ 51. Kh2 Bd6 52.
Kh1 Be5 53. Rf8+ Ke3 54. Rf5 Rxf5 55. exf5 Kf4 56. Be6 Kg5 57. Kg2 Bd4 58. Kf3
Kf6 59. Ke4 Bg1 60. Kd5 Bf2 61. Kc4 Bg1 1/2-1/2

[Event "Mondiale Lampo FIDE 2017"]
[Site "Riyadh"]
[Date "30.12.2017"]
[Round "16.49"]
[White "Miton, Kamil"]
[Black "Sargissian, Gabriel"]
[Result "0-1"]
[WhiteTitle "GM"]
[BlackTitle "GM"]
[WhiteElo "2584"]
[BlackElo "2672"]
[WhiteFideId "1111914"]
[BlackFideId "13300881"]
[EventDate "2017.12.29"]

1. e4 e5 2. Nf3 Nc6 3. Bc4 Bc5 4. c3 Nf6 5. d3 d6 6. Nbd2 a5 7. Bb3 O-O 8. O-O
Be6 9. h3 Bxb3 10. Nxb3 Bb6 11. Bg5 h6 12. Bh4 Qe7 13. Nbd2 Qe6 14. Nc4 Ba7 15.
Bxf6 Qxf6 16. Ne3 Ne7 17. g3 Qe6 18. Kg2 d5 19. exd5 Nxd5 20. Nxd5 Qxd5 21. Qe2
Rfe8 22. Qe4 Rad8 23. Rad1 c6 24. Qxd5 cxd5 25. Rfe1 f6 26. Nh4 Kf7 27. Nf5 h5
28. d4 e4 29. Ne3 g6 30. f4 h4 31. g4 Bb8 32. f5 g5 33. Re2 Bf4 34. Kf2 Ke7 35.
Ke1 Kd6 36. Kd2 Rc8 37. Kc2 b5 38. a3 b4 39. axb4 axb4 40. Ra1 bxc3 41. Ra6+ Rc6
42. Rxc6+ Kxc6 43. bxc3 Bxe3 44. Rxe3 Ra8 45. Kb2 Kb5 46. Re1 Kc4 47. Re3 Rb8+
48. Kc2 Rb3 0-1